| 000 | 01383nam a2200361Ia 4500 | ||
|---|---|---|---|
| 001 | ebr10150390 | ||
| 003 | CaPaEBR | ||
| 006 | m u | ||
| 007 | cr cn||||||||| | ||
| 008 | 060117s2006 nyua sb 001 0 eng d | ||
| 010 | _z 2006041580 | ||
| 020 | _z1403983488 | ||
| 020 | _z1403971064 | ||
| 024 | 3 | _z9781403971067 | |
| 040 |
_aCaPaEBR _cCaPaEBR |
||
| 035 | _a(OCoLC)567964977 | ||
| 050 | 1 | 4 |
_aJZ1305 _b.A66 2006eb |
| 082 | 0 | 4 |
_a327.101 _222 |
| 245 | 0 | 0 |
_aApproaches, levels, and methods of analysis in international politics _h[electronic resource] : _bcrossing boundaries / _cedited by Harvey Starr. |
| 250 | _a1st ed. | ||
| 260 |
_aNew York : _bPalgrave Macmillan, _c2006. |
||
| 300 |
_axii, 348 p. : _bill. |
||
| 490 | 1 | _aAdvances in foreign policy analysis | |
| 504 | _aIncludes bibliographical references (p. [303]-335) and index. | ||
| 533 |
_aElectronic reproduction. _bPalo Alto, Calif. : _cebrary, _d2009. _nAvailable via World Wide Web. _nAccess may be limited to ebrary affiliated libraries. |
||
| 650 | 0 | _aInternational relations. | |
| 650 | 0 | _aDiplomacy. | |
| 655 | 7 |
_aElectronic books. _2local |
|
| 700 | 1 | _aStarr, Harvey. | |
| 710 | 2 | _aebrary, Inc. | |
| 830 | 0 | _aAdvances in foreign policy analysis. | |
| 856 | 4 | 0 |
_uhttp://site.ebrary.com/lib/rucke/Doc?id=10150390 _zAn electronic book accessible through the World Wide Web; click to view |
| 999 |
_c202851 _d202851 |
||